| 000 | 00759nam a2200253Ia 4500 | ||
|---|---|---|---|
| 003 | OSt | ||
| 005 | 20220930190238.0 | ||
| 006 | a|||||r|||| 00| 0 | ||
| 007 | ta | ||
| 008 | 220926b |||||||| |||| 00| 0 hin d | ||
| 020 |
_a9788183616515 (hbk) _cIndian Rupees 300 |
||
| 024 | _a40556 | ||
| 037 |
_bGift, 24/10/2018, _cTextbook |
||
| 040 |
_aCRL _cCRL _bhin |
||
| 041 |
_2hin _ahin |
||
| 082 | _aO152,1x, Q4 | ||
| 100 | _aशुक्ल | ||
| 245 | 0 | _aओरहन और अन्य कविताएॅं | |
| 260 | _c2014 | ||
| 650 | _a हिन्दी साहित्य | ||
| 650 | _aहिन्दी कविता | ||
| 942 |
_hO152,1x, Q4 _cTB _2CC |
||
| 999 |
_c891864 _d891864 |
||